00677nam a2200241 a 4500001001300000003000900013005001700022008004100039020001000080082001600090100001900106245003000125260003500155300000900190500003500199505002200234650001600256700001900272902000800291942000700299952011600306999001300422nice12345678IN_TiNIC20260116011307.0050524s1957 amra grp 000 0 urd  ac10000a891.41bQAT aQateel, Shifai aRozanb Nazmen Aur Gazlen aAmritsarbAzad Book Depoc1957 a128p aincludes index and biblioraphy2 aill, bibliography aUrdu-Poetry1 aQateel, Shifai bSRS cBK 001040708StackRoom-aHMIbHMId2007-06-20g100.00l0o891.41 QATp03503r2007-06-20v100.00w2005-05-24yBK c252d252